The great commission: (Record no. 13224)

000 -LEADER
fixed length control field 00566nam a2200181 a 4500
001 - CONTROL NUMBER
control field :::00011042$&:&@@
003 - CONTROL NUMBER IDENTIFIER
control field OkBaRHE
005 - DATE AND TIME OF LATEST TRANSACTION
control field 20000607103405.0
008 - FIXED-LENGTH DATA ELEMENTS--GENERAL INFORMATION
fixed length control field s1975 j 000 0 eng u
040 ## - CATALOGING SOURCE
Transcribing agency
100 1# - MAIN ENTRY--PERSONAL NAME
Personal name Exum, Jack.
245 14 - TITLE STATEMENT
Title The great commission:
Remainder of title our continuing challege.
260 ## - PUBLICATION, DISTRIBUTION, ETC. (IMPRINT)
Place of publication, distribution, etc Fort Worth, TX., :
Name of publisher, distributor, etc Star Bible and Tract Corp.
Date of publication, distribution, etc c1975
300 ## - PHYSICAL DESCRIPTION
Extent 123 p. ;
Dimensions 21 cm.
650 ## - SUBJECT ADDED ENTRY--TOPICAL TERM
Topical term or geographic name as entry element Sermons, American
942 ## - ADDED ENTRY ELEMENTS (KOHA)
Source of classification or shelving scheme
Koha item type Books
Copies
Koha item type Lost status Barcode Source of classification or shelving scheme Full call number Date acquired Price effective from Copy number Not for loan Damaged status Withdrawn status Shelving location Date last seen Permanent Location
Books 11042 BV 4521 .E9752010-04-142010-04-141   General Stacks2010-04-14RHEMA Bible Training College